Trivia Quiz #3 - Statistics

General Stats
  • This quiz has been taken 19 times
  • The average score is 8 of 20
Answer Stats
Hint Answer % Correct
Lead actress of the movie "La La Land" Emma Stone
93%
Who had a pet-owl named Hedwig? Harry Potter
73%
National animal of Canada Beaver
67%
Which city in England is the birthplace of timezones also giving name to one? Greenwich
60%
Name of Abraham Lincolns assasin John Wilkes Booth
60%
Which city is divided into "Arrondissements"? Paris
47%
What is the only fruit to have its seeds on the outside? Strawberry
47%
Who elects the new popes? The cardinals
47%
Who have you killed if you have committed Matricide Your mother
47%
Name for a person that has a strong affinity towards anything french Francophile
40%
English translation of "Cogito ergo sum" I think, therefore i am
40%
What does narcoleptics often do? Fall asleep
33%
Number of goals the UN has 17
27%
According to Newton, what does mass times acceleration equal? Force
27%
Person credited with the saying René Descartes
27%
Only country without any rivers Saudi Arabia
27%
Which movie ends with the famous line "the horror" Apocalypse now
13%
Author of "It ends with us" Colleen Hoover
13%
Director of the movie "Irrational Man" Woody Allen
7%
What is the third book of the bible called? Book of Leviticus
0%
No matching quizzes found
Score Distribution
Percent of People with Each Score
Percentile by Number Answered
Your Score History
You have not taken this quiz